Basics of Kidney, Renal Disease, Fluid, Electrolyte and Acid-Base Balance (Record no. 101)
[ view plain ]
| 000 -LEADER | |
|---|---|
| Fixed length control field | 00531nam a2200181Ia 4500 |
| 003 - CONTROL NUMBER IDENTIFIER | |
| Control field | IIN |
| 005 - DATE AND TIME OF LATEST TRANSACTION | |
| Control field | 20240102143036.0 |
| 008 - FIXED-LENGTH DATA ELEMENTS--GENERAL INFORMATION | |
| Fixed length control field | 231217s9999 xx 000 0 und d |
| 020 ## - INTERNATIONAL STANDARD BOOK NUMBER / ISBN | |
| Price | Rs.370.00 |
| International Standard Book Number | 9789386217585 |
| 040 ## - CATALOGING SOURCE | |
| Original cataloging agency | IIN |
| Language of cataloging | English |
| 082 ## - DEWEY DECIMAL CLASSIFICATION NUMBER | |
| Classification number | 616.61 |
| Book Number | VIS |
| 100 1# - MAIN ENTRY--PERSONAL NAME | |
| Personal name | Visweswaran, R. Kasi |
| 245 1# - TITLE STATEMENT | |
| Title | Basics of Kidney, Renal Disease, Fluid, Electrolyte and Acid-Base Balance |
| Statement of responsibility | R. Kasi Visweswaran, |
| 260 ## - IMPRINT | |
| Name of publisher | CBS |
| Place of publication | New Delhi |
| Date of publication | 2017 |
| 300 ## - PHYSICAL DESCRIPTION | |
| Page / Vol. No | xvii, 254 p. |
| 650 ## - SUBJECT ADDED ENTRY--TOPICAL TERM | |
| Topical term | Medical Surgical |
| Form subdivision | Disease |
| 942 ## - ADDED ENTRY ELEMENTS (KOHA) | |
| Koha item type | Books |
| Withdrawn status | Lost status | Source of classification | Damaged status | Not for loan | Collection code | Home library | Current library | Date acquired | Price | Total Checkouts | Call number | Accession number | Date last seen | Price effective from | Koha item type |
|---|---|---|---|---|---|---|---|---|---|---|---|---|---|---|---|
| Dewey Decimal Classification | IDEAL INSTITUTE OF NURSING | IDEAL INSTITUTE OF NURSING | 17/12/2023 | 370.00 | 616.61 VIS | 96 | 17/12/2023 | 17/12/2023 | Books |
